000 00587nam a22002057a 4500
999 _c191361
_d191361
005 20220831124637.0
010 _aENG-134544
020 _c225.00
035 _aEN-118176
037 _bDBAD/PUB
082 _a572.078
100 _aMohanti, K.K.
245 _aTribes of Koraput/
_cK.K. Mohanti, P.C. Mohapatro and J. Samal
260 _aOdisha
_bCouncil of Analytical Tribal Studies
_c2021
270 _aKoraput
_bOdisha
_mcoatskoraput.co.in
300 _a100p.
_c24cm(pbk)
700 _aMohapatro, P.C.
700 _aSamal, J
942 _2ddc
_cEN
_h572.078
_mMOH